| 000 | 01577nam0a2200409 4500 | ||
|---|---|---|---|
| 001 | RU\NLR\BIBL_A\022076066 | ||
| 005 | 20231214124705.0 | ||
| 010 |
_a978-5-04-189679-9 _92000 |
||
| 021 |
_aRU _bКН-П-23-066380 _9КН-П-23-6757 |
||
| 035 | _a(NLR Aleph) 022076066 | ||
| 035 | _a(RuMoRGB)012233517 | ||
| 090 |
_a12674792 _c12674792 |
||
| 100 | _a20231117d2023 u y0rusy50 ca | ||
| 101 | 1 |
_arus _cspa |
|
| 102 | _aRU | ||
| 105 | _aa z 000ay | ||
| 181 | 0 |
_ai _baxxe |
|
| 182 | 0 | _an | |
| 200 | 1 |
_aПервые воспоминания _eроман _fАна Мария Матуте _gперевод с испанского Натальи Трауберг |
|
| 203 |
_aТекст _bвизуальный _cнепосредственный |
||
| 210 |
_aМосква _cЭксмо _d2023 |
||
| 215 |
_a220, [2] с. _cил. _d20 |
||
| 225 | 1 | _aМагистраль | |
| 311 | _a1-я кн. трилогии "Торгаши". 2-я кн. - "Солдаты плачут ночью", 3-я кн. - "Ловушка" | ||
| 320 | _aДр. кн. авт. на клапане обл. | ||
| 333 | _a16+ | ||
| 488 | 0 | _12001#$aТоргаши$eтрилогия | |
| 488 | 0 | _12001#$aСолдаты плачут ночью | |
| 488 | 0 | _12001#$aЛовушка | |
| 675 |
_a821.134.2-31 _v4 |
||
| 686 | 1 | _aШ6(4Ис)67-440.4{Лх1569-45} | |
| 700 | 1 |
_aМатуте _bА. М. _f1926-2014 _gАна Мария _3RU\NLR\AUTH\770236933 |
|
| 942 | _cBOOK | ||
| 980 | _aNB | ||